000 00410 a2200157 4500
020 _a9788183333276
082 _a005.133
090 _c7028
_d7028
100 _aKanetkar, Yashavant P.
245 _aLet us C #
_cYashavant P.Kanetkar
260 _aNew Delhi
_bBPB Publications
_c2011
300 _a709 p.
650 _aC#--Computer program language
700 _aYashavant P.Kanetkar
942 _cBK
_k005.133 KAN
999 _c10837
_d10837